Central Library OPAC University of Rajshahi

The metabolism of insects / (Record no. 12252)

MARC details
000 -LEADER
fixed length control field 00763nam a22002651 4500
001 - CONTROL NUMBER
control field 12252
003 - CONTROL NUMBER IDENTIFIER
rucl marc code BD-RjUL
005 - DATE AND TIME OF LATEST TRANSACTION
control field 20211208235248.0
008 - FIXED-LENGTH DATA ELEMENTS--GENERAL INFORMATION
fixed length control field 140128s1965 caua b 001 0 eng
035 ## - SYSTEM CONTROL NUMBER
System control number (BD-RjUL)12301
040 ## - CATALOGING SOURCE
Original cataloging agency DLC
Transcribing agency DLC
Modifying agency BD-RjUL
Language of cataloging eng
041 ## - LANGUAGE CODE
Language code of text/sound track or separate title eng
082 00 - DEWEY DECIMAL CLASSIFICATION NUMBER
Classification number 595.7013
Author mark and year GIM 1965
100 1# - MAIN ENTRY--PERSONAL NAME
Personal name Gilmour, Darcy
Dates associated with a name 1915-
9 (RLIN) 38031
245 14 - TITLE STATEMENT
Title The metabolism of insects /
Statement of responsibility, etc. Darcy Gilmour
260 ## - PUBLICATION, DISTRIBUTION, ETC. (IMPRINT)
Place of publication, distribution, etc. Edenburgh ; London :
Name of publisher, distributor, etc. Oliver and Boyd,
Date of publication, distribution, etc. c1965
300 ## - PHYSICAL DESCRIPTION
Pagination xii, 195 p. :
Illustrations illus. ;
Size 22 cm.
490 0# - SERIES STATEMENT
Series statement University reviews in biology
504 ## - BIBLIOGRAPHY, ETC. NOTE
Bibliography, etc Include bibliography and index.
650 #0 - SUBJECT ADDED ENTRY--TOPICAL TERM
Topical term or geographic name as entry element Insects
General subdivision Physiology.
9 (RLIN) 38032
Topical term or geographic name as entry element Metabolism.
9 (RLIN) 38033
942 ## - ADDED ENTRY ELEMENTS (KOHA)
Source of classification or shelving scheme Dewey Decimal Classification
Koha item type Books
Holdings
Lost status Source of classification or shelving scheme Damaged status Not for loan Collection code Permanent Location Current Location Shelving location Date acquired Source of acquisition Cost, normal purchase price Total Checkouts Full call number Date last seen Copy number Koha item type
  Dewey Decimal Classification   Not For Loan Non-fiction Central Library, University of Rajshahi Central Library, University of Rajshahi Reading Room 16/08/1973 Mitali Prokashon. 38.50   595.7013 GIM 1965 28/01/2014 C-1 Books